Statistics for Famous Villains #2

Click here to take the quiz!

General Stats

  • This quiz has been taken 39,815 times
    (18,904 since last reset)
  • The average score is 13 of 22

Answer Stats

ClueVillain% Correct
Luke Skywalker's fatherDarth Vader
98%
Led al-Qaeda until 2011Osama bin Laden
90%
Simba's plotting uncleScar
87%
Betrayed Jesus for 30 pieces of silverJudas Iscariot
84%
Transylvanian ruler who impaled peopleVlad the Impaler
75%
He tries to catch the RoadrunnerWile E. Coyote
74%
He wears a hockey mask and
wields a machete
Jason Voorhees
73%
He interrupted Taylor Swift's
award speech
Kanye West
73%
"Family Guy" baby who plots
world domination
Stewie Griffin
72%
X-Men villain who can control metalMagneto
71%
The guy who shot Abraham LincolnJohn Wilkes Booth
67%
"I'll get you, my pretty,
and your little dog, too!"
The Wicked Witch
of the West
64%
He-man's adversarySkeletor
53%
Stephen King's rabid dogCujo
49%
Teenage tyrant from "Game of Thrones"Joffrey Baratheon
47%
Bond villain who attacked Fort KnoxAuric Goldfinger
46%
Leader of the DecepticonsMegatron
46%
Euro-terrorist from "Die Hard"Hans Gruber
41%
Hunchbacked king who said
"my kingdom for a horse"
Richard III
38%
Supercomputer villain of "Terminator"Skynet
35%
Sorceress from Arthurian legendMorgan le Fay
31%
Star Trek villains who try to
assimilate everybody
The Borg
30%

Score Distribution

Percentile by Number Answered

Percent of People with Each Score

Your Score History

You have not taken this quiz since the last reset